| 000 | 00988nam a2200241 i 4500 | ||
|---|---|---|---|
| 001 | 50256 | ||
| 003 | ES-MaACL | ||
| 005 | 20251012173244.0 | ||
| 007 | t| | ||
| 008 | 030801s1967 sp f |||| | spa d | ||
| 100 | 1 |
_aGiner de los Ríos, Francisco, _d1839-1915 _957122 |
|
| 245 | 1 | 3 |
_aLa cuestión universitaria, 1875 _b: epistolario / _cde Francisco Giner de los Rios, Gumersindo de Azcárate, Nicolás Salmerón y Alonso ; introducción, notas e índices por Pablo de Azcárate. |
| 260 |
_aMadrid : _bTecnos, _c[1967] |
||
| 300 |
_a180 p., 3 lám. ; _c25 cm. |
||
| 650 | 4 |
_aProfesores universitarios- _zEspaña. _9139944 |
|
| 650 | 4 |
_aPurgas políticas- _zEspaña. _9143057 |
|
| 651 | 4 |
_aEspaña- _xPolítica educativa- _yS.XIX. _9163173 |
|
| 700 | 1 |
_aAzcárate, Pablo de, _d1890-1971 _924248 |
|
| 700 | 1 |
_aAzcárate, Gumersindo de, _d1840-1917 _924243 |
|
| 700 | 1 |
_aSalmerón y Alonso, Nicolás, _d1838-1908 _9101996 |
|
| 852 |
_aES-MaACL _jC-32349 |
||
| 999 |
_c50256 _d50256 |
||